MARC

LEADER 00000nam0a2200000 4500
001 364878
005 20231102011730.0
035 |a (RuTPU)RU\TPU\retro\22241 
090 |a 364878 
100 |a 20211201d1981 km y0rusy50 ca 
101 0 |a rus 
102 |a RU 
105 |a a z 001zy 
200 1 |a Шахтная плавка сульфидного сырья и пути ее усовершенствования  |f К. И. Ушаков, Р. И. Фельдман, В. И. Садыков 
210 |a Москва  |c Металлургия  |d 1881 
215 |a 152 с.  |c ил. 
320 |a Библиогр.: с. 150-152 
606 1 |a Сульфидные руды  |x Плавка шахтная  |2 stltpush  |3 (RuTPU)RU\TPU\subj\58263  |9 76068 
610 1 |a шахтные печи 
610 1 |a пириты 
610 1 |a термическая диссоциация 
610 1 |a окисление 
610 1 |a расплавы 
610 1 |a сернистый ангидрид 
610 1 |a восстановление 
610 1 |a технико-экономический анализ 
675 |a 669.33  |v 4 
700 1 |a Ушаков  |b К. И.  |g Константин Иванович 
701 1 |a Фельдман  |b Р. И.  |g Рина Иоелевна 
701 1 |a Садыков  |b В. И.  |g Василий Ибадуллович 
801 1 |a RU  |b 63413507  |c 20211201 
801 2 |a RU  |b 63413507  |c 20211202  |g RCR 
942 |c BK